000 00431nam a2200133Ia 4500
008 100328s9999 xx 000 0 und d
082 _b58888
100 _aआशू रावजी आणि कानडे दिनू.
245 _aनक्की कोण?.
260 _bडॉल्फिन लायब्ररी.
630 _aनक्की कोण?.
730 _aनक्की कोण?.
942 _cBOOK
999 _c545160
_d545157